000 00397nmm a2200145Ia 4500
008 251105s9999||||xx |||||||||||||||||und||
041 _aspa
100 _aSamaro, Gema
245 0 _aBurbujas
264 _a[Madrid, España] :
_bLos libros del Cristal,
_c2014
300 _a222 páginas
650 _aSpanish narrative
856 _uhttps://public.digitaliapublishing.com/a/88125
942 _cCF
999 _c104927
_d104927